|
|
|
|
| LEADER |
01776nam a22003497a 4500 |
| 001 |
6793 |
| 003 |
BD-DhAAL |
| 005 |
20190801123750.0 |
| 008 |
151108s1999 bg 000 0 ben |
| 999 |
|
|
|c 36051
|d 36051
|
| 010 |
|
|
|a 2001358864
|
| 020 |
|
|
|a 9844650011
|
| 020 |
|
|
|a 9847012400241
|
| 040 |
|
|
|a DLC
|c DLC
|d DLC
|d BD-DhAAL
|
| 050 |
0 |
0 |
|a MLCSA 2001/01534 (P)
|a PK1718.R2289
|
| 082 |
|
|
|a 891.441708
|
| 100 |
1 |
|
|a রাহমান, শামসুর
|d 1929-2006.
|9 16003
|
| 240 |
1 |
0 |
|a Poems.
|k Selections
|
| 245 |
1 |
0 |
|a শামসুর রাহমানের শ্রেষ্ঠ কবিতা.
|
| 260 |
|
|
|a ঢাকা :
|b সাহিত্য প্রকাশ,
|c ২০০৬ [একাদশ মুদ্রণ ২০১৮]
|
| 300 |
|
|
|a ৫৩৪ পৃষ্ঠা :
|a ৬৭১ পৃষ্ঠা ;
|c ২২ সে.মি.
|
| 500 |
|
|
|a Poems.
|
| 520 |
|
|
|a Selected poems by a 20th century Bengali author.
|
| 541 |
|
|
|a Development Book Agency
|e 6793, 34921, 35020
|
| 546 |
|
|
|a In Bengali.
|
| 650 |
|
|
|a Bengali poetry
|y 20th century
|9 16004
|
| 650 |
|
|
|a Bengali poetry
|9 148
|
| 852 |
|
|
|a Savar Campus Library
|b General Stacks
|
| 942 |
|
|
|2 ddc
|c BK
|
| 952 |
|
|
|0 0
|1 0
|2 ddc
|4 0
|6 891_000000000000000__44_1708_RAH
|7 0
|9 56653
|a SCL
|b SCL
|c GEN
|d 2015-11-08
|g 280.00
|l 1
|o 891.441708 RAH
|p 3020006793
|r 2019-04-09
|s 2019-03-18
|t 1
|w 2015-11-08
|y BK
|
| 952 |
|
|
|0 0
|1 0
|2 ddc
|4 0
|6 891_441708000000000_RAH
|7 0
|9 65766
|a SCL
|b SCL
|c GEN
|d 2019-07-17
|e Development Book Agency
|g 765.00
|l 1
|m 2
|o 891.441708 RAH
|p 3020034921
|r 2020-02-19
|s 2020-02-05
|t 2
|v 765.00
|w 2019-07-17
|y BK
|
| 952 |
|
|
|0 0
|1 0
|2 ddc
|4 0
|6 891_441708000000000_RAH
|7 0
|9 65871
|a BRACUL
|b BRACUL
|c GEN
|d 2019-07-24
|e Development Book Agency
|g 765.00
|l 1
|m 8
|o 891.441708 RAH
|p 3010035020
|r 2025-08-31
|s 2025-07-22
|t 3
|v 765.00
|w 2019-07-24
|y BK
|